Hóa học hữu cơ

Đã lưu trong:
书目详细资料
主要作者: Chu, Phạm Ngọc Sơn
格式: 图书
语言:Undetermined
出版: Sài Gòn Hàn Thuyên 1974
主题:
标签: 添加标签
没有标签, 成为第一个标记此记录!
Thư viện lưu trữ: Trung tâm Học liệu Trường Đại học Cần Thơ
LEADER 00606nam a2200205Ia 4500
001 CTU_2875
008 210402s9999 xx 000 0 und d
082 |a 547 
082 |b S464 
100 |a Chu, Phạm Ngọc Sơn 
245 0 |a Hóa học hữu cơ 
245 0 |c Chu Phạm Ngọc Sơn, Nguyễn Hữu Tính 
260 |a Sài Gòn 
260 |b Hàn Thuyên 
260 |c 1974 
526 |a Hóa vô cơ và hữu cơ đại cương 
526 |b TN021 
650 |a chemistry, organic 
904 |i Minh, 960830 
980 |a Trung tâm Học liệu Trường Đại học Cần Thơ